Formule 1 - Pilotes belges - Statistiques

Statistiques générales
  • Ce quiz a été pris 61 fois
  • Le résultat moyen est 4 sur 13
Statistiques - réponses
Par images Réponse % Correct
Stoffel Vandoorne
93%
Jacky Ickx
83%
Thierry Boutsen
52%
Jérôme d'Ambrosio
45%
Lucien Bianchi
31%
Olivier Gendebien
17%
Paul Frère
17%
Bertrand Gachot
14%
Patrick Nève
14%
Eric van de Poele
10%
André Pilette
7%
Johnny Claes
7%
Willy Mairesse
7%
Aucun quiz correspondant
Distribution des résultats
% des personnes avec chaque résultat
Percentile par nombre de réponses
Votre historique - résultats
Vous n’avez pas pris ce quiz